00393nam a2200121Ia 4500008004000000020001700040082001500057100003000072245006900102260003900171300001200210650004900222210210b1996 xxu||||| |||| 00| 0 eng d a0333 93006 1 a658.4 ARNW aARNOLD (John) and others. aWork psychology: understanding human behaviour in the workplace. aDelhi.bMacmillan India Ltd.c1996 axvi,329 aWork Psychology, Human Behaviour Workplace